| 000 | 00778nam a2200205 4500 | ||
|---|---|---|---|
| 003 | OSt | ||
| 005 | 20240618061429.0 | ||
| 006 | a | ||
| 008 | 240618b |||||||| |||| 00| 0 eng d | ||
| 020 | _a9789715520881 | ||
| 040 |
_aDWCL-Main lib. _cOC |
||
| 082 | _aCirc. 327.219 F714j 2011 | ||
| 245 |
_aThe FSI (Foreign Service Institute) reader on Japan / _cedited by Rhodora M. Joaquin, Eileen M. Arquiza |
||
| 260 |
_aPasay City, Phils. : _bForeign Service Institute, Department of Foreign Affairs, _cc2011. |
||
| 300 |
_av, _b255 p. ; _c21 cm. |
||
| 650 | _a1. Philippines–International relations–Japan. | ||
| 650 | _a2. Philippines–Diplomatic and consular service–Japan. | ||
| 700 | _aedited by Rhodora M. Joaquin, Eileen M. Arquiza | ||
| 942 |
_2ddc _n0 _cBK-CIRC _kCirc. |
||
| 999 |
_c819 _d819 |
||